Bible Books By Hint - Statistics

General Stats
  • This quiz has been taken 107 times
  • The average score is 12 of 15
Answer Stats
Hint Answer % Correct
Beginning Genesis
99%
One of the Gospels Mark
97%
In the belly of a Whale Jonah
93%
Majority written by David Psalms
93%
The End Revelation
93%
Righteous man who lost everything and gained it back with more Job
92%
Moses and the Israelites Exodus
90%
The first of the new Matthew
90%
After Psalms Proverbs
86%
Written to Galatia Galatians
82%
Lists of King 1 Kings
73%
Poems of Love Song of Solomon
72%
Letter written by Paul Romans
70%
Prophet that's wife cheated on him Hosea
52%
Lists of names 1 Chronicles
47%
No matching quizzes found
Score Distribution
Percent of People with Each Score
Percentile by Number Answered
Your Score History
You have not taken this quiz